Loading...
Current Events | 7 | 15.71 | 86% | 71% | 14% |
Fine Arts - Classical Music | 13 | 16.15 | 92% | 62% | 23% |
Fine Arts - Other Fine Arts | 12 | 20.83 | 100% | 100% | 8% |
Fine Arts - Painting & Sculpture | 9 | 21.11 | 100% | 89% | 22% |
Geography | 7 | 17.14 | 100% | 57% | 14% |
History - American History | 13 | 20.00 | 100% | 100% | 15% |
History - European History | 14 | 22.86 | 100% | 93% | 36% |
History - Other History | 13 | 20.77 | 100% | 92% | 15% |
History - World History | 12 | 20.00 | 92% | 75% | 33% |
Literature - American Literature | 7 | 22.86 | 100% | 100% | 29% |
Literature - British Literature | 15 | 19.33 | 93% | 93% | 13% |
Literature - European Literature | 14 | 21.43 | 100% | 86% | 43% |
Literature - World Literature | 13 | 19.23 | 100% | 77% | 15% |
Mythology | 6 | 18.33 | 83% | 83% | 17% |
Other Academic | 5 | 14.00 | 80% | 40% | 20% |
Philosophy | 9 | 23.33 | 100% | 100% | 33% |
Religion | 11 | 17.27 | 91% | 82% | 0% |
Science - Biology | 14 | 13.57 | 86% | 43% | 7% |
Science - Chemistry | 13 | 16.92 | 100% | 54% | 15% |
Science - Other Science | 10 | 18.00 | 100% | 70% | 10% |
Science - Physics | 10 | 20.00 | 100% | 80% | 20% |
Social Science | 13 | 16.15 | 92% | 54% | 15% |